Отговорност на лекаря за вреди, причинени на пациента (Запис номер 53235)
[ съкратено ]
| 000 -Лидер | |
|---|---|
| Контролно поле с фиксирана дължина | 02506nam a2200433 c 4500 |
| 003 - Код на организацията, давaща контролен номер | |
| Контролно поле | BLK |
| 005 - Дата и час на последна редакция | |
| Контролно поле | 20180420222317.0 |
| 008 - Елементи от данни с фиксирана дължина | |
| fixed length control field | 180408b bul|||||r ||||||| ||bul|| |
| 010 ## - Наследен системен номер | |
| LC control number | KNG00057170000 |
| 020 ## - Международен стандартен номер на книга ISBN | |
| Международен стандартен номер на книга ISBN | 954-608-104-3 |
| -- | издат.: Труд и право |
| 040 ## - Източник на каталожния запис | |
| Идентификатор на билиотеката - собственик на записа | BLK |
| 041 ## - Код за език | |
| Код за езика на текст/звукозапис или на отделно заглавие | Български |
| Код за езика КДБФ | Български |
| 080 ## - УДК | |
| Текстов определител УДК | Лекарска професия. Медицински работници. Мед. деонтология. Медицинско право - Права, задължения, условия за практикуване на професията, апробация, морал и етика, взаимоотношения с колеги и па |
| УДК код - определител по УДК | 614.23/.26 |
| УДК определител | .000.34 |
| УДК - код + определител | 614.23/.26.000.34 |
| 080 ## - УДК | |
| Текстов определител УДК | Надзор върху общественото здравеопазване. Санитарен контрол. Здравна полиция |
| УДК код - определител по УДК | 351.77 |
| УДК определител | :614(497.2)(094.4.072) |
| УДК - код + определител | 351.77:614(497.2)(094.4.072) |
| 080 ## - УДК | |
| Текстов определител УДК | Гражданско право |
| УДК код - определител по УДК | 347 |
| УДК определител | (497.2) |
| УДК - код + определител | 347(497.2) |
| 100 1# - Редна дума - Автор | |
| Автор | Голева, Поля Неделчева |
| Авторска отговорност | първи автор |
| R(LIN) | 248221 |
| 139 ## - Редно поле | |
| Редна дума | Голева, Поля Неделчева |
| Авторски знак | Гол - Г 63 |
| 245 10 - Сведения за заглавието | |
| Заглавие | Отговорност на лекаря за вреди, причинени на пациента |
| Редно поле (дума) | Поля Неделчева Голева. |
| 257 ## - Страна на издаване | |
| Страна на създаване/издаване | България |
| 260 ## - Област на издателските данни | |
| -- | София |
| Име на издателя, разпространителя и проч. | Труд и право |
| Година на издаване | 2004 |
| Печатница | София : ПК Д. Благоев |
| 300 ## - Физическа характеристика | |
| Страници | 288 с. |
| Размери/Мащаб | 21 см |
| 380 ## - Жанр | |
| Жанр | Медицина |
| 500 ## - Общи забележки | |
| Забележка | Загл. на кор.: Отговорността на лекаря за вреди, причинени на пациентаОфс. изд. - Съдържа и Нормативни актове. |
| 650 #4 - Допълнително описание по предмет – тема | |
| Основно описание – тема или топоним | Етика, медицинска |
| 9 (RLIN) | 277634 |
| 650 #4 - Допълнително описание по предмет – тема | |
| Основно описание – тема или топоним | Здравеопазване - България - законодателни и директивни материали |
| 9 (RLIN) | 265764 |
| 650 #4 - Допълнително описание по предмет – тема | |
| Основно описание – тема или топоним | Отговорност, гражданска |
| 9 (RLIN) | 284942 |
| 650 #4 - Допълнително описание по предмет – тема | |
| Основно описание – тема или топоним | Гражданско право - България - законодателни и директивни материали |
| 9 (RLIN) | 266553 |
| 653 ## - Ключова дума – ненормативна | |
| Ключова дума | медицинска етика |
| 653 ## - Ключова дума – ненормативна | |
| Ключова дума | здравеопазване |
| 653 ## - Ключова дума – ненормативна | |
| Ключова дума | гражданска отговорност |
| 653 ## - Ключова дума – ненормативна | |
| Ключова дума | гражданско право |
| 653 ## - Ключова дума – ненормативна | |
| Ключова дума | законодателство |
| 653 ## - Ключова дума – ненормативна | |
| Ключова дума | България |
| 852 ## - Местоположение | |
| Форматна сигнатура | Цб 225874 |
| 856 4# - Електронен адрес и достъп | |
| Електронен формат | pdf - файл |
| Път до файла /url/ | |
| 856 4# - Електронен адрес и достъп | |
| Електронен формат | pdf - файл |
| Път до файла /url/ | |
| 942 ## - АРТИКУЛИ | |
| Вид на библиотечния материал | Книги |
| Скрит в OPAC | Не |
| 944 ## - СЪЗДАВАНЕ И РЕДАКЦИЯ на ЗАПИСА | |
| Създаване/Редакция | Създаване |
| Дата на регистрацията/редакция | 20.12.2005 |
| Служител, извършил регистрацията/редакцията | Кети_Илиева |
| 944 ## - СЪЗДАВАНЕ И РЕДАКЦИЯ на ЗАПИСА | |
| Създаване/Редакция | Редакция |
| Дата на регистрацията/редакция | 25.01.2013 |
| Служител, извършил регистрацията/редакцията | |
| 999 ## - СИСТЕМНИ КОНТРОЛНИ НОМЕРА | |
| Koha biblionumber | 53235 |
| Koha biblioitemnumber | 53235 |
| Код за отписване | Код за изгубен артикул | Код за повреда | Коз за рестрикции | Код за отдаване | Артикулен № | Име на библиотеката - собственик | Име на библиотеката, в която се намира в момента | Статус (Текущо местоположение) | Дата на вписване в системата | Местоположение - отдел | Цена в лева | Инвентарен номер | Систематично азбучна сигнатура | Баркод | Номер на екземпляра | Цена в евро | Служебна бележка | Служебен тип на артикула |
|---|---|---|---|---|---|---|---|---|---|---|---|---|---|---|---|---|---|---|
| Изтеглен | Не е изгубен | Не е повреден | без рестрикции | заемане за дома | 83829 | Регионална библиотека "Любен Каравелов" Русе | Регионална библиотека "Любен Каравелов" Русе | Заемна - подръчен фонд | 2005-12-20 | Заемна - подръчен фонд | 15.00 | 120000698854 | П 614.2/Г 63 | 120000698854 | 1 | 7.67 | Дост: DA Вид: А N: 26 Дата: 20.12.2005 Дата инв: 02.02.2018 Бележки инв: П2018 | Книги |
| Не е изгубен | Не е повреден | без рестрикции | заемане за дома | 83830 | Регионална библиотека "Любен Каравелов" Русе | Регионална библиотека "Любен Каравелов" Русе | Заемна - подръчен фонд | 2005-12-20 | Заемна - подръчен фонд | 15.00 | 120000698855 | П 614.2/Г 63 | 120000698855 | 2 | 7.67 | Дост: DA Вид: А N: 26 Дата: 20.12.2005 Дата инв: 02.02.2018 Бележки инв: П2018 | Книги | |
| Не е изгубен | Не е повреден | без рестрикции | заемане за дома | 83831 | Регионална библиотека "Любен Каравелов" Русе | Регионална библиотека "Любен Каравелов" Русе | Заемна - подръчен фонд | 2005-12-20 | Заемна - подръчен фонд | 15.00 | 120000698856 | П 614.2/Г 63 | 120000698856 | 3 | 7.67 | Дост: DA Вид: А N: 26 Дата: 20.12.2005 Дата инв: 02.02.2018 Бележки инв: П2018 | Книги | |
| Не е изгубен | Не е повреден | без рестрикции | ползва се в читалня | 83832 | Регионална библиотека "Любен Каравелов" Русе | Регионална библиотека "Любен Каравелов" Русе | Читалня | 2005-12-20 | Читалня | 15.00 | 120000698857 | Ч 614/Г 63 | 120000698857 | 4 | 7.67 | Дост: DA Вид: А N: 26 Дата: 20.12.2005 Дата инв: 17.03.2017 Бележки инв: Ч2017 | Книги | |
| Не е изгубен | Не е повреден | без рестрикции | ползва се в читалня | 83833 | Регионална библиотека "Любен Каравелов" Русе | Регионална библиотека "Любен Каравелов" Русе | Хранилище | 2006-05-15 | Хранилище | 15.00 | 120000701976 | Цб 225874 | 120000701976 | 5 | 7.67 | Дост: Dp Вид: Д N: 17 Дата: 20.04.2005 | Книги |